000 01005nam a2200229 a 4500
001 BRCA_474
005 20190320203027.0
008 020726s2002 ncua---##b---#000-0#eng-#
020 _a0965380580
040 _aDLC
_cDLC
050 4 _aNK4565
_b.D37 2002
245 1 0 _aDark jewels
_bChinese black and brown ceramics from the Shatzman collection.
260 _aChapel Hill, Norte de Carolina
_bAckland Art Museum : University of North Carolina at Chapel Hill
_c2002
300 _a79 p.
_bil. a color
_c28 cm.
500 _aCatálogo de la exposición realizada en el Ackland Art Museum (North Carolina), 13 octubre 2002 - 5 enero 2003
504 _aBibliografía: p. 78-79
600 1 4 _aShatzman, Eunice
_vExposiciones
_xColecciones de arte
_91630
600 1 4 _aShatzman, Herbert
_vExposiciones
_xColecciones de arte
_91631
650 1 4 _aCerámica china
_vExposiciones
_yDinastía Song-Yuan, 960-1368
_91632
650 1 4 _aCerámica
_vExposiciones
_xColecciones privadas
_zCarolina del norte
_91633
942 _2lcc
_cB
999 _c409
_d409